[Event "FRA-chT2A 0506"]
[Site "France"]
[Date "2006.04.01"]
[Round "10.1"]
[White "Akl, Nabil"]
[Black "Calas, Bernard"]
[Result "0-1"]
[WhiteElo "2163"]
[BlackElo "2142"]
[PlyCount "122"]
[EventDate "2005.10.27"]
[EventType "team-tourn"]
[EventRounds "11"]
[EventCountry "FRA"]
[SourceTitle "EXT 2006"]
[Source "ChessBase"]
[SourceDate "2005.11.24"]
[SourceVersion "1"]
[SourceVersionDate "2005.11.24"]
[SourceQuality "1"]
[WhiteTeam "Issy les Moulineaux"]
[BlackTeam "Bordeaux Echecs"]
[WhiteTeamCountry "FRA"]
[BlackTeamCountry "FRA"]

1. e4 g6 2. d4 Bg7 3. Nf3 c5 4. d5 Nf6 5. Nc3 0-0 6. Be2 b5 7. e5 Ng4 8. Nxb5 Nxe5 9. d6 Nbc6 10. 0-0 Bb7 11. dxe7 Nxe7 12. Nxe5 Bxe5 13. Nd6 Bc6 14. Nc4 Bg7 15. Qd6 Rc8 16. Bg5 f6 17. Bf4 Nf5 18. Qd2 d5 19. Na5 Qd7 20. Nxc6 Qxc6 21. Bg4 d4 22. Bxf5 gxf5 23. b3 Rfe8 24. Rae1 Bf8 25. Qd3 Rxe1 26. Rxe1 Re8 27. Rxe8 Qxe8 28. f3 Qe1+ 29. Qf1 Qe6 30. Qc4 Kf7 31. Kf2 Be7 32. Bd2 Bd8 33. f4 Bb6 34. Qxe6+ Kxe6 35. Ke2 Kd5 36. Kd3 Bc7 37. h3 h5 38. g3 Bd6 39. c3 dxc3 40. Bxc3 Be7 41. Ba5 Bf8 42. Bd8 Bg7 43. Be7 a6 44. h4 Bh6 45. Bxf6 Bf8 46. Bd8 Bd6 47. Ba5 Be7 48. Bc3 Bd6 49. a3 Bc7 50. a4 Bb6 51. Be1 Bc7 52. Bf2 Ba5 53. Be3 Be1 54. Bd2 Bxg3 55. Ke3 Bxh4 56. b4 cxb4 57. Bxb4 Kc4 58. Bd2 Bf6 59. a5 Bc3 60. Bxc3 Kxc3 61. Kf3 Kd4 0-1

[Event "FRA-chT2A 0506"]
[Site "France"]
[Date "2006.03.11"]
[Round "8.5"]
[White "Flament, Alexandre"]
[Black "Akl, Nabil"]
[Result "0-1"]
[WhiteElo "2052"]
[BlackElo "2163"]
[PlyCount "114"]
[EventDate "2005.10.27"]
[EventType "team-tourn"]
[EventRounds "11"]
[EventCountry "FRA"]
[SourceTitle "EXT 2006"]
[Source "ChessBase"]
[SourceDate "2005.11.24"]
[SourceVersion "1"]
[SourceVersionDate "2005.11.24"]
[SourceQuality "1"]
[WhiteTeam "Niort"]
[BlackTeam "Issy les Moulineaux"]
[WhiteTeamCountry "FRA"]
[BlackTeamCountry "FRA"]

1. d4 Nf6 2. Nf3 e6 3. e3 b6 4. Bd3 Bb7 5. Nbd2 c5 6. 0-0 Nc6 7. a3 Be7 8. b3 cxd4 9. exd4 0-0 10. Bb2 d6 11. Re1 Rc8 12. Nf1 Nb8 13. Qe2 Nbd7 14. Ng3 Re8 15. Rad1 Bf8 16. c4 Qc7 17. Bb1 a6 18. Rc1 Qb8 19. Ng5 h6 20. N5e4 d5 21. Nd2 Bd6 22. Nf3 dxc4 23. bxc4 Bf4 24. Rcd1 b5 25. cxb5 axb5 26. Ne5 Bd5 27. Nh5 Nxh5 28. Qxh5 Nxe5 29. dxe5 Qb7 30. Qg4 Bg5 31. Rd3 Rc4 32. Bd4 Be4 33. h4 Bf5 34. Qg3 Bxd3 35. Bxd3 Rc1 36. Rxc1 Bxc1 37. Bc5 Qd5 38. Bd6 Rc8 39. Be2 Qd4 40. Qd3 Qxd3 41. Bxd3 Bxa3 42. Bxb5 Rc1+ 43. Kh2 Bc5 44. Kg3 Rc3+ 45. f3 f6 46. Bd7 Kf7 47. Bb8 Rb3 48. Bd6 Bxd6 49. exd6 Rd3 50. Bc6 Rxd6 51. Be4 f5 52. Bb1 Rb6 53. Bd3 Kf6 54. Kf4 Rb4+ 55. Kg3 e5 56. Kh3 e4 57. fxe4 Rb3 0-1

[Event "FRA-chT2A 0506"]
[Site "France"]
[Date "2006.02.05"]
[Round "7.6"]
[White "Petit, Eric Thierry"]
[Black "Akl, Nabil"]
[Result "0-1"]
[WhiteElo "2129"]
[BlackElo "2163"]
[PlyCount "72"]
[EventDate "2005.10.27"]
[EventType "team-tourn"]
[EventRounds "11"]
[EventCountry "FRA"]
[SourceTitle "EXT 2006"]
[Source "ChessBase"]
[SourceDate "2005.11.24"]
[SourceVersion "1"]
[SourceVersionDate "2005.11.24"]
[SourceQuality "1"]
[WhiteTeam "Bois Colombes II"]
[BlackTeam "Issy les Moulineaux"]
[WhiteTeamCountry "FRA"]
[BlackTeamCountry "FRA"]

1. c4 Nf6 2. Nc3 e5 3. Nf3 Nc6 4. g3 Nd4 5. Bg2 Nxf3+ 6. Bxf3 Bb4 7. 0-0 0-0 8. Qb3 a5 9. d3 Re8 10. Bg5 Bxc3 11. Qxc3 h6 12. Bxf6 Qxf6 13. b4 axb4 14. Qxb4 c6 15. c5 d6 16. cxd6 Rd8 17. a4 Rxd6 18. a5 Ra6 19. Rfb1 g6 20. Qc5 Rd8 21. Ra4 b5 22. Raa1 Bh3 23. Rc1 Rxd3 24. Bxc6 Rxc6 25. Qxb5 Rxc1+ 26. Rxc1 Rd6 27. Ra1 Qd8 28. f3 Rd5 29. Qb4 Rd4 30. Qb5 Rd5 31. Qb4 Rb5 32. Qc3 Qb8 33. Kf2 Be6 34. a6 Qa7+ 35. Qe3 Rb6 36. Rd1 Rxa6 0-1

[Event "FRA-chT2 0405"]
[Site "France"]
[Date "2004.12.05"]
[Round "4.7"]
[White "Akl, Nabil"]
[Black "Borzakian, Manouk"]
[Result "1-0"]
[WhiteElo "2165"]
[BlackElo "2198"]
[PlyCount "109"]
[EventDate "2004.10.10"]
[EventType "team"]
[EventRounds "11"]
[EventCountry "FRA"]
[SourceTitle "EXT 2006"]
[Source "ChessBase"]
[SourceDate "2005.11.24"]
[SourceVersion "1"]
[SourceVersionDate "2005.11.24"]
[SourceQuality "1"]
[WhiteTeam "Issy les Moulineaux"]
[BlackTeam "Paris Chess XV I"]
[WhiteTeamCountry "FRA"]
[BlackTeamCountry "FRA"]

1. d4 d6 2. c4 g6 3. Nf3 Nf6 4. Nc3 Bg7 5. e4 0-0 6. Be2 e5 7. 0-0 Na6 8. Be3 Ng4 9. Bg5 Qe8 10. Re1 f6 11. Bc1 c6 12. h3 Nh6 13. Bf1 Nf7 14. Rb1 f5 15. b4 f4 16. b5 Nc7 17. bxc6 bxc6 18. c5 dxc5 19. d5 g5 20. Ba3 h5 21. Bxc5 g4 22. Nh2 Ng5 23. Bxf8 Bxf8 24. hxg4 hxg4 25. Nxg4 Kg7 26. d6 f3 27. d7 Bxd7 28. Nxe5 Rd8 29. Nxd7 Rxd7 30. Qc1 Qg6 31. g3 Rf7 32. Rb7 Bc5 33. Re3 Bxe3 34. Qxe3 Qh5 35. Bc4 Nh3+ 36. Kf1 Nf4 37. Qd4+ Kh7 38. Ke1 c5 39. Qd6 Ng2+ 40. Kd2 Qg5+ 41. Kc2 Qe7 42. Qxe7 Rxe7 43. Nb5 Rxe4 44. Rxc7+ Kg6 45. Rc6+ Kg7 46. Nd6 Re5 47. Rc7+ Kf6 48. Rf7+ Kg5 49. Rxa7 Re2+ 50. Bxe2 fxe2 51. Re7 e1Q 52. Rxe1 Nxe1+ 53. Kd2 Nf3+ 54. Ke3 Nd4 55. Ne4+ 1-0

[Event "FRA-chT2 0304"]
[Site "France"]
[Date "2004.04.03"]
[Round "10"]
[White "Manet, Eric"]
[Black "Akl, Nabil"]
[Result "0-1"]
[WhiteElo "2077"]
[BlackElo "2197"]
[PlyCount "128"]
[EventDate "2003.10.??"]
[EventType "team"]
[EventRounds "11"]
[EventCountry "FRA"]
[SourceTitle "EXT 2005"]
[Source "ChessBase"]
[SourceDate "2004.11.15"]
[SourceVersion "1"]
[SourceVersionDate "2004.11.15"]
[SourceQuality "1"]

1. e4 e6 2. d4 d5 3. exd5 exd5 4. Bd3 Nc6 5. c3 Nf6 6. Ne2 Bd6 7. Bf4 Bxf4 8. Nxf4 Qe7+ 9. Qe2 Qxe2+ 10. Bxe2 Ne7 11. Nd2 c6 12. 0-0 0-0 13. Rfe1 Re8 14. Nh5 Nxh5 15. Bxh5 Kf8 16. Re5 Bd7 17. Rae1 g6 18. Bf3 f6 19. R5e3 Nf5 20. Rxe8+ Rxe8 21. Rxe8+ Kxe8 22. g3 Nd6 23. Kf1 g5 24. Ke2 Bf5 25. Ke3 h6 26. Bh5+ Ke7 27. Bf3 a5 28. Bg2 Kd7 29. f4 g4 30. Bf1 b6 31. Be2 h5 32. Bf1 Ke6 33. Bg2 Bc2 34. Bf1 Nf5+ 35. Kf2 c5 36. Ba6 Kd6 37. Bc8 Ne7 38. dxc5+ bxc5 39. Ba6 Kc6 40. Bf1 Kd6 41. Bg2 f5 42. Bf1 Nc8 43. Bb5 Ke7 44. Bc6 Nb6 45. b3 a4 46. Ke3 axb3 47. axb3 Ke6 48. Be8 d4+ 49. cxd4 Nd5+ 50. Ke2 cxd4 51. Bc6 Nb4 52. Be8 h4 53. Bb5 h3 54. Bc4+ Kd6 55. Nf1 Kc5 56. Kd2 Be4 57. Ke2 d3+ 58. Kd2 Kd4 59. Ne3 Nc2 60. Nd1 Na3 61. Ba6 Nb1+ 62. Ke1 d2+ 63. Kf2 Nc3 64. Be2 Nxd1+ 0-1

[Event "FRA-chT2 0304"]
[Site "France"]
[Date "2004.03.13"]
[Round "8"]
[White "Hareux, Hubert"]
[Black "Akl, Nabil"]
[Result "1/2-1/2"]
[WhiteElo "2260"]
[BlackElo "2197"]
[PlyCount "112"]
[EventDate "2003.10.??"]
[EventType "team"]
[EventRounds "11"]
[EventCountry "FRA"]
[SourceTitle "EXT 2005"]
[Source "ChessBase"]
[SourceDate "2004.11.15"]
[SourceVersion "1"]
[SourceVersionDate "2004.11.15"]
[SourceQuality "1"]

1. d4 Nf6 2. c4 e6 3. Nc3 Bb4 4. Qc2 0-0 5. a3 Bxc3+ 6. Qxc3 b6 7. Bg5 c5 8. e3 Bb7 9. f3 Nc6 10. dxc5 bxc5 11. Nh3 h6 12. Bh4 Ne4 13. Bxd8 Nxc3 14. Bh4 Na4 15. 0-0-0 Nb6 16. Be1 a5 17. Nf2 Ba6 18. Ne4 Bxc4 19. Nxc5 Bxf1 20. Rxf1 d5 21. Bc3 Rfc8 22. Kd2 Na7 23. Nb3 Nb5 24. Ra1 Nc4+ 25. Kd3 Nxc3 26. bxc3 Nxe3 27. Rf2 a4 28. Nd2 Nc4 29. Nxc4 Rxc4 30. Rb1 Rac8 31. Rc2 d4 32. Rbc1 e5 33. cxd4 Rxd4+ 34. Ke3 Rxc2 35. Rxc2 f6 36. g3 g5 37. Rc7 h5 38. Ra7 h4 39. Rc7 Kf8 40. Ke2 Ke8 41. Ke3 Kf8 42. Ke2 Kg8 43. Ke3 h3 44. Rc1 Kf7 45. g4 Ke6 46. Rc6+ Kf7 47. Rc3 f5 48. gxf5 Kf6 49. Kf2 Kxf5 50. Kg3 g4 51. fxg4+ Rxg4+ 52. Kxh3 Rg1 53. Rf3+ Ke4 54. Rg3 Rxg3+ 55. Kxg3 Kd3 56. Kf2 Kd2 1/2-1/2

[Event "FRA-chT2 0304"]
[Site "France"]
[Date "2003.12.07"]
[Round "4"]
[White "Keller, Christophe"]
[Black "Akl, Nabil"]
[Result "1-0"]
[WhiteElo "2192"]
[BlackElo "2197"]
[PlyCount "99"]
[EventDate "2003.10.??"]
[EventType "team"]
[EventRounds "11"]
[EventCountry "FRA"]
[SourceTitle "EXT 2005"]
[Source "ChessBase"]
[SourceDate "2004.11.15"]
[SourceVersion "1"]
[SourceVersionDate "2004.11.15"]
[SourceQuality "1"]
[WhiteTeam "Clichy II"]
[BlackTeam "Issy les Moulineaux"]
[WhiteTeamCountry "FRA"]
[BlackTeamCountry "FRA"]

1. d4 Nf6 2. Nc3 d5 3. Bg5 e6 4. e4 Bb4 5. exd5 Qxd5 6. Bxf6 Bxc3+ 7. bxc3 gxf6 8. Qg4 Nd7 9. Bd3 Kf8 10. Ne2 h5 11. Qe4 Qxe4 12. Bxe4 h4 13. f4 f5 14. Bf3 Nb6 15. Rb1 Rb8 16. Nc1 c6 17. Nd3 Nd5 18. Kd2 Nb6 19. Rb4 Ke7 20. c4 Nd7 21. c5 Ra8 22. Rhb1 Rg8 23. c4 Nf6 24. Rxb7+ Bxb7 25. Rxb7+ Kf8 26. Ne5 Ne4+ 27. Ke3 Rg7 28. Nxc6 f6 29. Rxg7 Kxg7 30. Bxe4 fxe4 31. Kxe4 Kf7 32. d5 Rc8 33. f5 e5 34. Kf3 a6 35. Kg4 Rg8+ 36. Kh3 Rg5 37. d6 Ke8 38. Nb4 Kd7 39. Nxa6 Rxf5 40. Nb8+ Kc8 41. Nc6 Rf4 42. Ne7+ Kd7 43. Nd5 Rf2 44. Kxh4 Rxg2 45. Nxf6+ Kc6 46. Ng4 Re2 47. Kg5 Kxc5 48. d7 Rd2 49. Nxe5 Kb6 50. Kf6 1-0

[Event "Syre Memorial op 26th"]
[Site "Issy les Moulineaux"]
[Date "2003.05.31"]
[Round "3.12"]
[White "Drogou, Gerard"]
[Black "Akl, Nabil"]
[Result "1/2-1/2"]
[WhiteElo "2078"]
[BlackElo "2191"]
[PlyCount "76"]
[EventDate "2003.05.29"]
[EventType "swiss"]
[EventRounds "6"]
[EventCountry "FRA"]
[SourceTitle "CBM 094 Extra"]
[Source "ChessBase"]
[SourceDate "2003.07.09"]
[SourceVersion "2"]
[SourceVersionDate "2003.07.09"]
[SourceQuality "1"]

1. d4 Nf6 2. Nf3 e6 3. e3 b6 4. Bd3 Bb7 5. 0-0 c5 6. c4 Be7 7. Nc3 cxd4 8. exd4 d5 9. cxd5 Nxd5 10. Ne5 0-0 11. Qg4 f5 12. Qe2 Bf6 13. Re1 Nd7 14. Nxd7 Qxd7 15. Qxe6+ Qxe6 16. Rxe6 Bxd4 17. Nxd5 Bxd5 18. Rd6 Rfd8 19. Rxd5 Rxd5 20. Bc4 Rad8 21. Bg5 Kf8 22. Bxd8 Rxd8 23. Rb1 a5 24. Kf1 Bc5 25. Ke2 Rd4 26. b3 g5 27. Rb2 h5 28. f3 Bb4 29. Bd3 Rd5 30. Rc2 Re5+ 31. Kf1 Bc5 32. Bc4 Be3 33. Bd3 Ke7 34. Rc6 h4 35. a4 Bc5 36. Rg6 Re3 37. Bxf5 Rxb3 38. Rxg5 Kf6 1/2-1/2

[Event "FRA-chT2S 0203"]
[Site "France"]
[Date "2003.??.??"]
[Round "10.8"]
[White "De Bonnieres, Philippe"]
[Black "Akl, Nabil"]
[Result "0-1"]
[WhiteElo "2050"]
[BlackElo "2191"]
[PlyCount "70"]
[EventDate "2002.10.??"]
[EventType "team"]
[EventRounds "11"]
[EventCountry "FRA"]
[SourceTitle "EXT 2004"]
[Source "ChessBase"]
[SourceDate "2003.11.25"]
[SourceVersion "1"]
[SourceVersionDate "2003.11.25"]
[SourceQuality "1"]
[WhiteTeam "Le Touquet"]
[BlackTeam "Issy les Moulineaux"]
[WhiteTeamCountry "FRA"]
[BlackTeamCountry "FRA"]

1. e4 c6 2. c4 e5 3. d4 d6 4. dxe5 dxe5 5. Qxd8+ Kxd8 6. Nf3 f6 7. Nc3 Bc5 8. Be2 Be6 9. Bd2 Nd7 10. Rd1 Kc7 11. a3 Nh6 12. 0-0 Be7 13. Rc1 Bg4 14. Ne1 Bxe2 15. Nxe2 Nf7 16. Nd3 Nc5 17. Nxc5 Bxc5 18. b4 Rhd8 19. Bc3 Bf8 20. f4 Re8 21. Ng3 exf4 22. Rxf4 Ne5 23. Rh4 h6 24. c5 Rad8 25. Kf1 Rd7 26. Bxe5+ Rxe5 27. Ke2 g5 28. Rh5 f5 29. Nxf5 Rxe4+ 30. Ne3 Rde7 31. Rc3 Bg7 32. Rd3 Bd4 33. Rh3 g4 34. Rg3 h5 35. h4 Be5 0-1

[Event "FRA-chT2S 0203"]
[Site "France"]
[Date "2002.10.13"]
[Round "1.7"]
[White "Akl, Nabil"]
[Black "Jessel, Stephen"]
[Result "1/2-1/2"]
[WhiteElo "2191"]
[BlackElo "2053"]
[PlyCount "121"]
[EventDate "2002.10.??"]
[EventType "team"]
[EventRounds "11"]
[EventCountry "FRA"]
[SourceTitle "EXT 2004"]
[Source "ChessBase"]
[SourceDate "2003.11.25"]
[SourceVersion "1"]
[SourceVersionDate "2003.11.25"]
[SourceQuality "1"]
[WhiteTeam "Issy les Moulineaux"]
[BlackTeam "Le Vesinet"]
[WhiteTeamCountry "FRA"]
[BlackTeamCountry "FRA"]

1. e4 e6 2. d4 d5 3. Nc3 Nf6 4. Bg5 Bb4 5. exd5 exd5 6. Qf3 0-0 7. Bxf6 Qxf6 8. Qxf6 gxf6 9. Nge2 c6 10. 0-0-0 Be6 11. Ng3 Nd7 12. Bd3 Rfe8 13. f4 Nb6 14. f5 Bd7 15. Nh5 Be7 16. Rde1 Nc8 17. Nd1 Nd6 18. g4 Bd8 19. h4 Rxe1 20. Rxe1 Ne8 21. Ne3 Ng7 22. Rg1 h6 23. Nf4 Bc7 24. Nh5 Nxh5 25. gxh5+ Kh8 26. Ng4 Rg8 27. c3 Bd8 28. Kd2 Kh7 29. Ke3 Re8+ 30. Kf3 Bc8 31. b4 Bd7 32. a4 a6 33. Ra1 Kg7 34. Ne3 Bc7 35. b5 Ba5 36. Rg1+ Kh8 37. Ng4 Rg8 38. bxa6 bxa6 39. Rc1 Kg7 40. Ne3 Ra8 41. c4 Bd2 42. Rg1+ Kh8 43. Ng4 dxc4 44. Nxf6 cxd3 45. Nxd7 Rd8 46. Ne5 Rxd4 47. Nxf7+ Kh7 48. Rd1 Bf4 49. Nd8 Rxd8 50. Kxf4 Kg7 51. Ke3 d2 52. Rxd2 Rxd2 53. Kxd2 Kf6 54. Kd3 Kxf5 55. Kd4 Kg4 56. Kc5 Kxh4 57. Kxc6 Kxh5 58. a5 Kg5 59. Kb6 h5 60. Kxa6 h4 61. Kb7 1/2-1/2

[Event "Syre Memorial op 24th"]
[Site "Issy les Moulineaux"]
[Date "2001.05.24"]
[Round "2"]
[White "Marcelin, Cyril"]
[Black "Akl, Nabil"]
[Result "1/2-1/2"]
[WhiteElo "2439"]
[BlackElo "2203"]
[PlyCount "49"]
[EventDate "2001.05.25"]
[EventType "swiss"]
[EventRounds "6"]
[EventCountry "FRA"]
[SourceTitle "EXT 2003"]
[Source "ChessBase"]
[SourceDate "2002.11.25"]
[SourceVersion "1"]
[SourceVersionDate "2002.11.25"]
[SourceQuality "1"]

1. d4 Nf6 2. Bg5 e6 3. e4 h6 4. Bxf6 Qxf6 5. Nc3 Bb4 6. Qd2 d6 7. Nf3 e5 8. a3 exd4 9. axb4 dxc3 10. bxc3 0-0 11. Qd4 Qf4 12. Bb5 Be6 13. 0-0 c6 14. Bd3 Nd7 15. Rfe1 c5 16. Qe3 Qxe3 17. Rxe3 Ne5 18. Nd2 cxb4 19. cxb4 Rfc8 20. Rc1 a5 21. bxa5 Rxa5 22. f4 Nxd3 23. Rxd3 d5 24. exd5 Bxd5 25. Nb3 1/2-1/2

[Event "Syre Memorial op 22th"]
[Site "Issy les Moulineaux"]
[Date "1999.05.??"]
[Round "4"]
[White "Akl, Nabil"]
[Black "Verat, Laurent"]
[Result "0-1"]
[WhiteElo "2180"]
[BlackElo "2294"]
[PlyCount "84"]
[EventDate "1999.05.13"]
[EventType "swiss"]
[EventRounds "6"]
[EventCountry "FRA"]
[SourceTitle "EXT 2007"]
[Source "ChessBase"]
[SourceDate "2006.11.23"]
[SourceVersion "1"]
[SourceVersionDate "2006.11.23"]
[SourceQuality "1"]

1. Nf3 Nf6 2. g3 d5 3. Bg2 e6 4. 0-0 b6 5. c4 Bb7 6. b3 Be7 7. Bb2 0-0 8. e3 c5 9. d3 Nc6 10. Qe2 Qc7 11. Nc3 a6 12. Rac1 dxc4 13. bxc4 Rab8 14. Rfd1 Na7 15. a4 Bc6 16. d4 Rfd8 17. d5 exd5 18. cxd5 Nxd5 19. Qc4 Nb4 20. Ne4 Rxd1+ 21. Rxd1 Rd8 22. Rd2 Rxd2 23. Nfxd2 Qd7 24. Qc3 f6 25. Bf1 Bd5 26. a5 Nb5 27. Qc1 Qc6 28. Bc4 bxa5 29. Nb3 a4 30. Nbxc5 Bxc5 31. Bxd5+ Qxd5 32. Nxc5 a3 33. Ba1 h6 34. Nxa6 Nxa6 35. Qc8+ Kh7 36. Qxa6 Qd1+ 37. Kg2 Qxa1 38. Qxb5 Qe5 39. Qa4 Qc5 40. Qe4+ f5 41. Qe6 Qa5 42. g4 a2 0-1

[Event "FRA-ch op FIDE"]
[Site "Paris"]
[Date "1994.??.??"]
[Round "2"]
[White "Titli, Vincent Christian"]
[Black "Akl, Nabil"]
[Result "1/2-1/2"]
[WhiteElo "2030"]
[BlackElo "2180"]
[PlyCount "81"]
[EventDate "1994.??.??"]
[EventType "swiss"]
[EventRounds "9"]
[EventCountry "FRA"]
[SourceTitle "EXT 1998"]
[Source "ChessBase"]
[SourceDate "1997.11.17"]
[SourceVersion "1"]
[SourceVersionDate "1997.11.17"]
[SourceQuality "1"]

1. e4 c6 2. Nc3 d5 3. Nf3 dxe4 4. Nxe4 Bg4 5. h3 Bxf3 6. Qxf3 Nd7 7. Bc4 Ne5 8. Qe2 Nxc4 9. Qxc4 Qd5 10. Qe2 g6 11. 0-0 Bg7 12. d4 Nf6 13. Nxf6+ Bxf6 14. c3 h5 15. Bf4 Rd8 16. Rfe1 Kf8 17. Rad1 b5 18. Be5 Kg7 19. b3 Rd7 20. c4 bxc4 21. bxc4 Qa5 22. Bxf6+ exf6 23. Qe4 Rhd8 24. Re2 Qa4 25. Rc2 a6 26. Rcc1 Qxa2 27. Qxc6 Rxd4 28. Rxd4 Rxd4 29. c5 Rd2 30. Qe4 Qb2 31. Rc4 Qa1+ 32. Kh2 Qe5+ 33. Qxe5 fxe5 34. c6 Rd8 35. c7 Rc8 36. Kg3 a5 37. Kf3 a4 38. Ke4 a3 39. Kxe5 a2 40. Ra4 Rxc7 41. Rxa2 1/2-1/2